Manual de prevención de accidentes para el restaurante Black Pepper

La ciudad de Cuenca ha experimentado en los últimos años un gran desarrollo turístico, lo cual conlleva la necesidad de que sus instalaciones como restaurantes cumplan con el desafío de brindar este servicio con parámetros internacionales. La seguridad debería considerarse como una ventaja competiti...

Descripción completa

Detalles Bibliográficos
Autor principal: Alvarado Karste, Luis Eduardo
Formato: Tesis Libro
Lenguaje:Spanish
Materias:
Acceso en línea:http://nas.ucuenca.edu.ec/BibliotecaDigital/ebooks/tgas84.pdf

MARC

LEADER 00000nam a2200000 a 4500
001 TGAS-84
005 20230308201002.0
008 013030|2013 ||||||||r|||||||||||spa||
040 |b spa 
041 1 |a spa 
100 1 |a Alvarado Karste, Luis Eduardo.  |9 174116 
245 |a Manual de prevención de accidentes para el restaurante Black Pepper  |c Luis Eduardo Alvarado Karste. Director Santiago Carpio Alvarez  |h cd 
264 |a Cuenca  |c 2013 
300 |a CD  |b ilu  |c 18 cm 
502 |a Licenciado en Gastronomía y Servicios de Alimentos y Bebidas  |b Universidad de Cuenca  |c hos  |d Carpio Alvarez, Santiago, dir.  |e GASTRONOMIA 
504 |a incl. ref. 
520 3 |a La ciudad de Cuenca ha experimentado en los últimos años un gran desarrollo turístico, lo cual conlleva la necesidad de que sus instalaciones como restaurantes cumplan con el desafío de brindar este servicio con parámetros internacionales. La seguridad debería considerarse como una ventaja competitiva y como tal su empleo es una inversión y no un gasto. Este ensayo se enfoca en su primera parte en hacer un estudio general de los restaurantes de la ciudad. No obstante que no se dispone de información detallada y comprobable, se puede decir que los restaurantes de primera cumplen, en general, con las estándares de seguridad. La seguridad es mínima en restaurantes de segunda e inexistente en los de tercera categoría. Parece que los controles oficiales no llegan a normar estos lugares Con los antecedentes señalados se hizo un estudio muy minucioso de todos los pasos, actividades, instalaciones y grado de capacitación de los empleados de Black Pepper. Sus resultados nos indican que la sección de restaurante, baños, estacionamiento, que fue íntegramente reconstruido con instalaciones eléctricas y agua nuevas, cumplen con los mejores estándares de seguridad. Por el contrario las instalaciones eléctricas de la cocina deben ser remplazadas como medida de prevención. La ventilación debe incrementarse mejorando las ventanas existentes. El manual de seguridad desarrollado para Black Pepper, en base a sus falencias y virtudes, debe servir para hacer en el futuro continuas sesiones de capacitación entre sus empleados y directivos. 
650 0 |a Tesis de gastronomia  |9 170428 
650 |a Accidentes en restaurantes  |9 174117 
650 4 |a Prevención  |9 56216 
650 7 |a Riesgos  |9 2951 
650 |a Restaurante  |9 40610 
650 |a Seguridad  |9 41225 
650 |a Peligros  |9 174118 
852 |a UC-CDJBV  |c ESTANTERIA CERRADA  |f Donación  |k maria.naula  |l 1  |m Limitada  |p 20130306  |q 1.00  |t TGAS-84  |b 1  |d CDRC  |e CDRC  |g  ESTANTERIA CERRADA  |u http://nas.ucuenca.edu.ec/BibliotecaDigital/ebooks/tgas84.pdf  |z 2013-30-30 
856 |u http://nas.ucuenca.edu.ec/BibliotecaDigital/ebooks/tgas84.pdf 
942 |c TS 
999 |c 93287  |d 93287